000 00663nam a2200241Ia 4500
003 OSt
005 20221007071100.0
006 a|||||r|||| 00| 0
007 ta
008 221006b |||||||| |||| 00| 0 eng d
024 _a22,177
037 _cTextual
040 _aFLL
_cFLL
_beng
041 _2eng
_aeng
082 _aZ236:881, G8
100 _aChand Shamir
_9688105
245 0 _aPunjab courts act and letters patent of lahore high court
250 _a3rd
260 _aLahore
_bThe University Book Agency India
_c1938
300 _a203,xxiii
_ccm.
942 _hZ236:881, G8
_cTEXL
_2CC
999 _c1142401
_d1142401